[Event "Chessable Masters - Torneo preliminare"]
[White "Svidler, Peter"]
[Black "Mitrabha, Guha"]
[WhiteFideId "4102142"]
[BlackFideId "5057000"]
[WhiteElo "2752"]
[BlackElo "2401"]
[Result "1/2-1/2"]
[Round "4"]
[TimeControl "600+2"]
[Date "2023.03.13"]
[WhiteClock "0:00:46"]
[BlackClock "0:02:00"]

1. e4 {[%clk 0:10:01]}  c6 {[%clk 0:09:52]} 2. d3 {[%clk 0:09:50]}  d5 {[%clk 0:09:53]} 3. Nf3 {[%clk 0:09:51]}  Nd7 {[%clk 0:09:53]} 4. exd5 {[%clk 0:09:46]}  cxd5 {[%clk 0:09:54]} 5. d4 {[%clk 0:09:48]}  e6 {[%clk 0:09:31]} 6. Bf4 {[%clk 0:09:16]}  Ngf6 {[%clk 0:09:20]} 7. Nbd2 {[%clk 0:09:09]}  Be7 {[%clk 0:09:19]} 8. Bd3 {[%clk 0:09:07]}  b6 {[%clk 0:09:15]} 9. O-O {[%clk 0:08:58]}  O-O {[%clk 0:09:08]} 10. h3 {[%clk 0:08:38]}  a5 {[%clk 0:09:09]} 11. Qe2 {[%clk 0:08:30]}  Nb8 {[%clk 0:08:52]} 12. Ne5 {[%clk 0:08:19]}  Ba6 {[%clk 0:08:27]} 13. c4 {[%clk 0:08:01]}  dxc4 {[%clk 0:08:14]} 14. Ndxc4 {[%clk 0:08:01]}  Nd5 {[%clk 0:08:02]} 15. Bg3 {[%clk 0:07:58]}  Bb7 {[%clk 0:07:46]} 16. Rac1 {[%clk 0:07:15]}  Nd7 {[%clk 0:07:19]} 17. Nxd7 {[%clk 0:07:04]}  Qxd7 {[%clk 0:07:19]} 18. Ne5 {[%clk 0:06:56]}  Qd8 {[%clk 0:07:17]} 19. a3 {[%clk 0:05:39]}  Rc8 {[%clk 0:07:14]} 20. h4 {[%clk 0:04:57]}  Nf6 {[%clk 0:07:01]} 21. Ba6 {[%clk 0:04:23]}  Qd5 {[%clk 0:06:48]} 22. Bxb7 {[%clk 0:04:18]}  Qxb7 {[%clk 0:06:50]} 23. Qb5 {[%clk 0:04:12]}  Bd6 {[%clk 0:06:28]} 24. Nd7 {[%clk 0:03:20]}  Nxd7 {[%clk 0:05:40]} 25. Bxd6 {[%clk 0:03:20]}  Rxc1 {[%clk 0:05:41]} 26. Rxc1 {[%clk 0:03:20]}  Rc8 {[%clk 0:05:42]} 27. Rxc8+ {[%clk 0:03:18]}  Qxc8 {[%clk 0:05:44]} 28. d5 {[%clk 0:03:15]}  exd5 {[%clk 0:05:35]} 29. Qxd5 {[%clk 0:03:16]}  Nf6 {[%clk 0:05:32]} 30. Qd4 {[%clk 0:03:13]}  Ng4 {[%clk 0:05:20]} 31. Bf4 {[%clk 0:03:10]}  Qe8 {[%clk 0:04:52]} 32. Bd2 {[%clk 0:03:01]}  h5 {[%clk 0:04:35]} 33. f3 {[%clk 0:02:59]}  Nf6 {[%clk 0:04:29]} 34. Qxb6 {[%clk 0:02:57]}  a4 {[%clk 0:04:30]} 35. Qd4 {[%clk 0:02:56]}  Qb5 {[%clk 0:04:24]} 36. Bc3 {[%clk 0:02:55]}  Kh7 {[%clk 0:04:20]} 37. Kf2 {[%clk 0:02:54]}  Qb3 {[%clk 0:04:19]} 38. Qc5 {[%clk 0:02:45]}  Nd5 {[%clk 0:04:16]} 39. Bd4 {[%clk 0:02:13]}  Kg6 {[%clk 0:03:55]} 40. Ke1 {[%clk 0:02:08]}  f6 {[%clk 0:03:54]} 41. Kd2 {[%clk 0:02:08]}  Nf4 {[%clk 0:03:41]} 42. Qc2+ {[%clk 0:01:17]}  Qxc2+ {[%clk 0:03:42]} 43. Kxc2 {[%clk 0:01:19]}  Nxg2 {[%clk 0:03:44]} 44. Bf2 {[%clk 0:01:19]}  Kf5 {[%clk 0:03:37]} 45. b3 {[%clk 0:01:17]}  g5 {[%clk 0:03:21]} 46. bxa4 {[%clk 0:01:12]}  Ke6 {[%clk 0:03:04]} 47. hxg5 {[%clk 0:01:07]}  fxg5 {[%clk 0:03:05]} 48. Kd3 {[%clk 0:01:03]}  Kd5 {[%clk 0:03:04]} 49. a5 {[%clk 0:01:04]}  Nf4+ {[%clk 0:02:37]} 50. Ke3 {[%clk 0:01:04]}  Kc6 {[%clk 0:02:37]} 51. Ke4 {[%clk 0:01:03]}  Kb7 {[%clk 0:02:21]} 52. Kf5 {[%clk 0:00:50]}  Nh3 {[%clk 0:01:58]} 53. Be3 {[%clk 0:00:48]}  g4 {[%clk 0:01:56]} 54. fxg4 {[%clk 0:00:45]}  hxg4 {[%clk 0:01:58]} 55. Kxg4 {[%clk 0:00:47]}  Ka6 {[%clk 0:01:59]} 56. Kxh3 {[%clk 0:00:45]}  Kxa5 {[%clk 0:01:59]} 57. a4 {[%clk 0:00:46]}  Kxa4 {[%clk 0:02:00]} 1/2-1/2


[Site "Internet"]

[Event "Chessable Masters - Torneo preliminare"]
[White "Praggnanandhaa, R"]
[Black "Pap, Gyula"]
[WhiteFideId "25059530"]
[BlackFideId "725323"]
[WhiteElo "2587"]
[BlackElo "2563"]
[Result "1-0"]
[Round "4"]
[TimeControl "600+2"]
[Date "2023.03.13"]
[WhiteClock "0:01:03"]
[BlackClock "0:00:06"]

1. Nf3 {[%clk 0:10:01]}  d5 {[%clk 0:09:59]} 2. g3 {[%clk 0:10:01]}  Nd7 {[%clk 0:09:59]} 3. d4 {[%clk 0:09:57]}  Nb6 {[%clk 0:09:56]} 4. Bg2 {[%clk 0:09:58]}  Bf5 {[%clk 0:09:51]} 5. Nc3 {[%clk 0:09:58]}  e6 {[%clk 0:09:24]} 6. Nh4 {[%clk 0:09:58]}  Nf6 {[%clk 0:09:25]} 7. Nxf5 {[%clk 0:09:31]}  exf5 {[%clk 0:09:27]} 8. a4 {[%clk 0:09:31]}  a5 {[%clk 0:09:21]} 9. Qd3 {[%clk 0:09:32]}  Qd7 {[%clk 0:08:36]} 10. b3 {[%clk 0:09:22]}  Bb4 {[%clk 0:08:02]} 11. O-O {[%clk 0:09:21]}  O-O {[%clk 0:07:59]} 12. Na2 {[%clk 0:09:07]}  Be7 {[%clk 0:07:38]} 13. Bf4 {[%clk 0:08:56]}  Ne4 {[%clk 0:07:06]} 14. c4 {[%clk 0:08:25]}  dxc4 {[%clk 0:06:21]} 15. bxc4 {[%clk 0:08:24]}  Nxa4 {[%clk 0:06:23]} 16. Bxe4 {[%clk 0:08:01]}  fxe4 {[%clk 0:06:24]} 17. Qxe4 {[%clk 0:08:01]}  c6 {[%clk 0:06:16]} 18. c5 {[%clk 0:07:31]}  b5 {[%clk 0:05:54]} 19. cxb6 {[%clk 0:07:32]}  Nxb6 {[%clk 0:05:55]} 20. Rfc1 {[%clk 0:07:33]}  Nd5 {[%clk 0:05:46]} 21. Bd2 {[%clk 0:07:32]}  Nf6 {[%clk 0:03:59]} 22. Qd3 {[%clk 0:07:10]}  Rfd8 {[%clk 0:03:59]} 23. Rc4 {[%clk 0:07:02]}  c5 {[%clk 0:03:53]} 24. Nc1 {[%clk 0:05:26]}  a4 {[%clk 0:03:08]} 25. dxc5 {[%clk 0:04:05]}  Qe6 {[%clk 0:01:13]} 26. Rd4 {[%clk 0:03:47]}  Rxd4 {[%clk 0:01:05]} 27. Qxd4 {[%clk 0:03:47]}  Ne4 {[%clk 0:00:24]} 28. Be3 {[%clk 0:01:38]}  a3 {[%clk 0:00:23]} 29. Qb4 {[%clk 0:01:29]}  Rc8 {[%clk 0:00:03]} 30. Nb3 {[%clk 0:01:07]}  f6 {[%clk 0:00:03]} 31. Rxa3 {[%clk 0:01:07]}  Rc7 {[%clk 0:00:03]} 32. Ra4 {[%clk 0:01:06]}  f5 {[%clk 0:00:03]} 33. Ra8+ {[%clk 0:00:59]}  Kf7 {[%clk 0:00:04]} 34. Qb8 {[%clk 0:01:00]}  Rd7 {[%clk 0:00:03]} 35. Qg8+ {[%clk 0:00:59]}  Kf6 {[%clk 0:00:04]} 36. Bd4+ {[%clk 0:00:59]}  Rxd4 {[%clk 0:00:02]} 37. Qxe6+ {[%clk 0:01:00]}  Kxe6 {[%clk 0:00:04]} 38. Nxd4+ {[%clk 0:01:02]}  Kd5 {[%clk 0:00:06]} 39. Nxf5 {[%clk 0:01:03]} 1-0


[Site "Internet"]

[Event "Chessable Masters - Torneo preliminare"]
[White "Kevlishvili, Robby"]
[Black "Alonso Rosell, Alvar"]
[WhiteFideId "1040634"]
[BlackFideId "2270544"]
[WhiteElo "2577"]
[BlackElo "2473"]
[Result "0-1"]
[Round "4"]
[TimeControl "600+2"]
[Date "2023.03.13"]
[WhiteClock "0:04:19"]
[BlackClock "0:01:30"]

1. e4 {[%clk 0:10:01]}  e5 {[%clk 0:09:57]} 2. Nf3 {[%clk 0:10:02]}  Nc6 {[%clk 0:09:59]} 3. Bb5 {[%clk 0:10:03]}  a6 {[%clk 0:10:00]} 4. Ba4 {[%clk 0:10:04]}  d6 {[%clk 0:10:01]} 5. c3 {[%clk 0:10:03]}  Bd7 {[%clk 0:10:02]} 6. d4 {[%clk 0:10:02]}  g6 {[%clk 0:10:03]} 7. O-O {[%clk 0:10:02]}  Bg7 {[%clk 0:10:03]} 8. Bg5 {[%clk 0:10:03]}  Nf6 {[%clk 0:10:04]} 9. Nbd2 {[%clk 0:09:50]}  b5 {[%clk 0:09:33]} 10. Bb3 {[%clk 0:09:47]}  h6 {[%clk 0:09:33]} 11. Bh4 {[%clk 0:09:24]}  O-O {[%clk 0:08:24]} 12. dxe5 {[%clk 0:09:11]}  dxe5 {[%clk 0:08:13]} 13. Qe2 {[%clk 0:09:10]}  Qe8 {[%clk 0:07:58]} 14. Bxf6 {[%clk 0:08:59]}  Bxf6 {[%clk 0:07:59]} 15. Rfd1 {[%clk 0:09:01]}  Na5 {[%clk 0:07:48]} 16. Bc2 {[%clk 0:09:01]}  Nb7 {[%clk 0:07:48]} 17. b4 {[%clk 0:08:30]}  a5 {[%clk 0:07:23]} 18. a3 {[%clk 0:08:29]}  Qe7 {[%clk 0:07:16]} 19. Bd3 {[%clk 0:08:25]}  c6 {[%clk 0:07:09]} 20. Rab1 {[%clk 0:08:19]}  Rfd8 {[%clk 0:07:01]} 21. c4 {[%clk 0:07:59]}  axb4 {[%clk 0:06:28]} 22. axb4 {[%clk 0:07:59]}  bxc4 {[%clk 0:06:05]} 23. Nxc4 {[%clk 0:07:58]}  Bg4 {[%clk 0:06:02]} 24. h3 {[%clk 0:07:51]}  Bxf3 {[%clk 0:06:02]} 25. Qxf3 {[%clk 0:07:49]}  Rd4 {[%clk 0:06:01]} 26. Qe2 {[%clk 0:07:43]}  Rad8 {[%clk 0:05:54]} 27. Na5 {[%clk 0:07:09]}  Qc7 {[%clk 0:05:52]} 28. Nxb7 {[%clk 0:06:49]}  Qxb7 {[%clk 0:05:54]} 29. Bc4 {[%clk 0:05:49]}  Rxd1+ {[%clk 0:05:42]} 30. Rxd1 {[%clk 0:05:51]}  Qxb4 {[%clk 0:05:38]} 31. Rxd8+ {[%clk 0:05:51]}  Bxd8 {[%clk 0:05:38]} 32. g3 {[%clk 0:05:41]}  h5 {[%clk 0:05:27]} 33. h4 {[%clk 0:05:41]}  Bb6 {[%clk 0:05:25]} 34. Kg2 {[%clk 0:05:42]}  Bd4 {[%clk 0:05:15]} 35. Qa2 {[%clk 0:05:42]}  Qb7 {[%clk 0:05:10]} 36. Qe2 {[%clk 0:05:05]}  Kg7 {[%clk 0:04:53]} 37. Qf3 {[%clk 0:05:03]}  Qa7 {[%clk 0:04:46]} 38. Qe2 {[%clk 0:04:56]}  Qa4 {[%clk 0:03:37]} 39. Ba2 {[%clk 0:04:52]}  Bc5 {[%clk 0:03:12]} 40. Bc4 {[%clk 0:04:47]}  Qb4 {[%clk 0:02:46]} 41. Qd3 {[%clk 0:04:40]}  Bd4 {[%clk 0:02:03]} 42. Qe2 {[%clk 0:04:41]}  Qc3 {[%clk 0:01:32]} 43. Bb3 {[%clk 0:04:19]}  Qxb3 {[%clk 0:01:30]} 0-1


[Site "Internet"]

[Event "Chessable Masters - Torneo preliminare"]
[White "Giri, Anish"]
[Black "Anton Guijarro, David"]
[WhiteFideId "24116068"]
[BlackFideId "2285525"]
[WhiteElo "2714"]
[BlackElo "2635"]
[Result "1-0"]
[Round "4"]
[TimeControl "600+2"]
[Date "2023.03.13"]
[WhiteClock "0:00:08"]
[BlackClock "0:00:07"]

1. e4 {[%clk 0:09:57]}  c6 {[%clk 0:10:00]} 2. d4 {[%clk 0:09:55]}  d5 {[%clk 0:10:01]} 3. e5 {[%clk 0:09:56]}  Bf5 {[%clk 0:10:01]} 4. Nf3 {[%clk 0:09:57]}  e6 {[%clk 0:10:02]} 5. Be2 {[%clk 0:09:57]}  c5 {[%clk 0:10:00]} 6. O-O {[%clk 0:09:48]}  Nc6 {[%clk 0:09:59]} 7. c3 {[%clk 0:09:49]}  Bg4 {[%clk 0:09:49]} 8. Nbd2 {[%clk 0:09:16]}  cxd4 {[%clk 0:09:44]} 9. cxd4 {[%clk 0:09:09]}  a5 {[%clk 0:09:38]} 10. h3 {[%clk 0:09:01]}  Bh5 {[%clk 0:09:37]} 11. Nb1 {[%clk 0:08:56]}  Nge7 {[%clk 0:09:08]} 12. Nc3 {[%clk 0:08:54]}  Bxf3 {[%clk 0:09:08]} 13. Bxf3 {[%clk 0:08:53]}  Nf5 {[%clk 0:09:09]} 14. Be3 {[%clk 0:08:14]}  Be7 {[%clk 0:08:17]} 15. Bg4 {[%clk 0:08:03]}  Nxe3 {[%clk 0:08:16]} 16. fxe3 {[%clk 0:08:05]}  O-O {[%clk 0:08:13]} 17. a3 {[%clk 0:07:56]}  Bg5 {[%clk 0:08:03]} 18. Qd3 {[%clk 0:07:39]}  a4 {[%clk 0:07:40]} 19. Bd1 {[%clk 0:07:30]}  Na5 {[%clk 0:06:03]} 20. e4 {[%clk 0:07:24]}  dxe4 {[%clk 0:04:57]} 21. Nxe4 {[%clk 0:06:50]}  Nc6 {[%clk 0:04:48]} 22. Kh1 {[%clk 0:06:17]}  Be7 {[%clk 0:04:30]} 23. Bc2 {[%clk 0:05:37]}  g6 {[%clk 0:04:31]} 24. Rad1 {[%clk 0:05:20]}  Qb6 {[%clk 0:04:18]} 25. Nf6+ {[%clk 0:04:45]}  Bxf6 {[%clk 0:03:55]} 26. exf6 {[%clk 0:04:46]}  Ra5 {[%clk 0:03:05]} 27. Qe3 {[%clk 0:04:42]}  Rh5 {[%clk 0:03:05]} 28. g4 {[%clk 0:03:40]}  Rh4 {[%clk 0:03:00]} 29. Qg5 {[%clk 0:02:53]}  Rxh3+ {[%clk 0:02:16]} 30. Kg2 {[%clk 0:02:53]}  h6 {[%clk 0:02:03]} 31. Qf4 {[%clk 0:01:39]}  e5 {[%clk 0:01:20]} 32. Qe4 {[%clk 0:01:11]}  Rb3 {[%clk 0:00:42]} 33. Bxb3 {[%clk 0:01:08]}  Qxb3 {[%clk 0:00:43]} 34. d5 {[%clk 0:00:53]}  Nd4 {[%clk 0:00:32]} 35. Rd2 {[%clk 0:00:54]}  Re8 {[%clk 0:00:21]} 36. Re1 {[%clk 0:00:24]}  Nb5 {[%clk 0:00:19]} 37. d6 {[%clk 0:00:15]}  Qe6 {[%clk 0:00:16]} 38. Qxe5 {[%clk 0:00:04]}  Qxg4+ {[%clk 0:00:10]} 39. Qg3 {[%clk 0:00:06]}  Qd7 {[%clk 0:00:05]} 40. Rxe8+ {[%clk 0:00:06]}  Qxe8 {[%clk 0:00:07]} 41. d7 {[%clk 0:00:07]}  Qd8 {[%clk 0:00:07]} 42. Qe5 {[%clk 0:00:08]} 1-0


[Site "Internet"]

[Event "Chessable Masters - Torneo preliminare"]
[White "Kravtsiv, Martyn"]
[Black "Sevian, Samuel"]
[WhiteFideId "14113147"]
[BlackFideId "2040506"]
[WhiteElo "2675"]
[BlackElo "2582"]
[Result "0-1"]
[Round "4"]
[TimeControl "600+2"]
[Date "2023.03.13"]
[WhiteClock "0:00:06"]
[BlackClock "0:03:29"]

1. e4 {[%clk 0:10:01]}  e5 {[%clk 0:10:00]} 2. Nf3 {[%clk 0:10:01]}  Nc6 {[%clk 0:10:01]} 3. Nc3 {[%clk 0:10:01]}  Nf6 {[%clk 0:10:01]} 4. a4 {[%clk 0:10:02]}  d6 {[%clk 0:09:17]} 5. d4 {[%clk 0:09:55]}  Bg4 {[%clk 0:09:14]} 6. Bb5 {[%clk 0:09:07]}  Bxf3 {[%clk 0:08:59]} 7. gxf3 {[%clk 0:09:05]}  a6 {[%clk 0:08:53]} 8. Bxc6+ {[%clk 0:08:41]}  bxc6 {[%clk 0:08:54]} 9. Be3 {[%clk 0:07:15]}  Nd7 {[%clk 0:08:52]} 10. Qe2 {[%clk 0:06:09]}  Qb8 {[%clk 0:08:10]} 11. O-O {[%clk 0:04:57]}  Qb4 {[%clk 0:07:33]} 12. Rfd1 {[%clk 0:04:23]}  Be7 {[%clk 0:07:32]} 13. Ra3 {[%clk 0:04:13]}  exd4 {[%clk 0:07:01]} 14. Bxd4 {[%clk 0:03:19]}  O-O {[%clk 0:06:52]} 15. a5 {[%clk 0:02:07]}  Bf6 {[%clk 0:06:37]} 16. Ra4 {[%clk 0:02:07]}  Qb7 {[%clk 0:06:30]} 17. b3 {[%clk 0:02:05]}  Rfe8 {[%clk 0:06:28]} 18. Kh1 {[%clk 0:01:49]}  Bxd4 {[%clk 0:05:54]} 19. Rdxd4 {[%clk 0:01:40]}  Nc5 {[%clk 0:05:51]} 20. Rab4 {[%clk 0:01:31]}  Qc8 {[%clk 0:05:52]} 21. Rd1 {[%clk 0:01:31]}  Qh3 {[%clk 0:05:47]} 22. Rg1 {[%clk 0:01:30]}  Ne6 {[%clk 0:05:45]} 23. Qe3 {[%clk 0:01:11]}  Qh5 {[%clk 0:05:20]} 24. Rc4 {[%clk 0:01:01]}  d5 {[%clk 0:05:12]} 25. Rxc6 {[%clk 0:00:17]}  d4 {[%clk 0:05:12]} 26. Nd5 {[%clk 0:00:18]}  dxe3 {[%clk 0:03:41]} 27. Nf6+ {[%clk 0:00:18]}  Kf8 {[%clk 0:03:41]} 28. Nxh5 {[%clk 0:00:20]}  e2 {[%clk 0:03:43]} 29. Re1 {[%clk 0:00:15]}  Rad8 {[%clk 0:03:44]} 30. Rxe2 {[%clk 0:00:06]}  Rd1+ {[%clk 0:03:45]} 31. Kg2 {[%clk 0:00:07]}  g6 {[%clk 0:03:46]} 32. Rxe6 {[%clk 0:00:06]}  Rxe6 {[%clk 0:03:48]} 33. Nf4 {[%clk 0:00:08]}  Re5 {[%clk 0:03:49]} 34. Nd5 {[%clk 0:00:08]}  Rg5+ {[%clk 0:03:49]} 35. Kh3 {[%clk 0:00:08]}  Rdg1 {[%clk 0:03:50]} 36. Nf4 {[%clk 0:00:09]}  Rxa5 {[%clk 0:03:50]} 37. Rd2 {[%clk 0:00:09]}  Ke8 {[%clk 0:03:35]} 38. Nd5 {[%clk 0:00:09]}  c6 {[%clk 0:03:33]} 39. b4 {[%clk 0:00:10]}  Ra3 {[%clk 0:03:30]} 40. Nf6+ {[%clk 0:00:06]}  Ke7 {[%clk 0:03:29]} 0-1


[Site "Internet"]

[Event "Chessable Masters - Torneo preliminare"]
[White "Iturrizaga Bonelli, Eduardo"]
[Black "Nguyen, Ngoc Truong Son"]
[WhiteFideId "3901211"]
[BlackFideId "12401110"]
[WhiteElo "2654"]
[BlackElo "2585"]
[Result "0-1"]
[Round "4"]
[TimeControl "600+2"]
[Date "2023.03.13"]
[WhiteClock "0:00:18"]
[BlackClock "0:00:59"]

1. c4 {[%clk 0:10:01]}  Nf6 {[%clk 0:09:53]} 2. g3 {[%clk 0:10:01]}  g6 {[%clk 0:09:51]} 3. Bg2 {[%clk 0:10:02]}  Bg7 {[%clk 0:09:52]} 4. Nc3 {[%clk 0:10:03]}  O-O {[%clk 0:09:53]} 5. d4 {[%clk 0:10:04]}  d6 {[%clk 0:09:53]} 6. Nf3 {[%clk 0:09:59]}  Nc6 {[%clk 0:09:49]} 7. O-O {[%clk 0:09:59]}  e5 {[%clk 0:09:50]} 8. dxe5 {[%clk 0:09:53]}  dxe5 {[%clk 0:09:42]} 9. Bg5 {[%clk 0:09:53]}  Be6 {[%clk 0:09:22]} 10. Qa4 {[%clk 0:09:43]}  Qc8 {[%clk 0:08:11]} 11. Rfd1 {[%clk 0:09:17]}  Nd7 {[%clk 0:07:54]} 12. Nd5 {[%clk 0:09:02]}  Re8 {[%clk 0:06:46]} 13. Qa3 {[%clk 0:08:08]}  h6 {[%clk 0:05:47]} 14. Bd2 {[%clk 0:06:44]}  Nb6 {[%clk 0:05:11]} 15. Rac1 {[%clk 0:04:51]}  Nxd5 {[%clk 0:04:51]} 16. cxd5 {[%clk 0:04:52]}  Bxd5 {[%clk 0:04:53]} 17. Be3 {[%clk 0:04:54]}  Rd8 {[%clk 0:04:05]} 18. Qa4 {[%clk 0:04:34]}  Qe6 {[%clk 0:03:54]} 19. Qb5 {[%clk 0:04:17]}  e4 {[%clk 0:03:20]} 20. Nd4 {[%clk 0:03:57]}  Nxd4 {[%clk 0:02:54]} 21. Bxd4 {[%clk 0:03:59]}  Bc6 {[%clk 0:02:54]} 22. Qb4 {[%clk 0:03:52]}  Qd6 {[%clk 0:02:31]} 23. Qxd6 {[%clk 0:02:23]}  Rxd6 {[%clk 0:02:33]} 24. Bxg7 {[%clk 0:02:13]}  Kxg7 {[%clk 0:02:34]} 25. Rxd6 {[%clk 0:02:11]}  cxd6 {[%clk 0:02:36]} 26. f3 {[%clk 0:01:31]}  d5 {[%clk 0:02:08]} 27. Kf2 {[%clk 0:01:26]}  exf3 {[%clk 0:01:46]} 28. Bxf3 {[%clk 0:01:27]}  Kf6 {[%clk 0:01:45]} 29. b4 {[%clk 0:01:11]}  a6 {[%clk 0:01:41]} 30. Ke3 {[%clk 0:01:00]}  Ke5 {[%clk 0:01:40]} 31. Kd2 {[%clk 0:01:01]}  a5 {[%clk 0:01:30]} 32. b5 {[%clk 0:00:52]}  Bxb5 {[%clk 0:01:31]} 33. Rc7 {[%clk 0:00:54]}  Bc4 {[%clk 0:01:32]} 34. a4 {[%clk 0:00:25]}  b5 {[%clk 0:01:08]} 35. axb5 {[%clk 0:00:26]}  Rb8 {[%clk 0:01:09]} 36. Rxf7 {[%clk 0:00:21]}  Rxb5 {[%clk 0:01:09]} 37. Ra7 {[%clk 0:00:19]}  Rb2+ {[%clk 0:01:09]} 38. Kc3 {[%clk 0:00:18]}  Rb3+ {[%clk 0:01:06]} 39. Kc2 {[%clk 0:00:19]}  Ra3 {[%clk 0:01:07]} 40. h4 {[%clk 0:00:19]}  a4 {[%clk 0:01:04]} 41. Kb2 {[%clk 0:00:18]}  Rb3+ {[%clk 0:01:00]} 42. Kc2 {[%clk 0:00:19]}  a3 {[%clk 0:01:01]} 43. Ra5 {[%clk 0:00:18]}  a2 {[%clk 0:00:59]} 0-1


[Site "Internet"]

[Event "Chessable Masters - Torneo preliminare"]
[White "Pichot, Alan"]
[Black "Kramnik, Vladimir"]
[WhiteFideId "110973"]
[BlackFideId "4101588"]
[WhiteElo "2549"]
[BlackElo "2756"]
[Result "1/2-1/2"]
[Round "4"]
[TimeControl "600+2"]
[Date "2023.03.13"]
[WhiteClock "0:00:07"]
[BlackClock "0:00:11"]

1. e4 {[%clk 0:10:01]}  e5 {[%clk 0:09:59]} 2. Nf3 {[%clk 0:10:02]}  Nc6 {[%clk 0:10:00]} 3. Bb5 {[%clk 0:10:02]}  a6 {[%clk 0:09:59]} 4. Ba4 {[%clk 0:10:01]}  Nf6 {[%clk 0:10:00]} 5. O-O {[%clk 0:10:02]}  Be7 {[%clk 0:10:00]} 6. Re1 {[%clk 0:10:00]}  b5 {[%clk 0:10:00]} 7. Bb3 {[%clk 0:10:01]}  O-O {[%clk 0:10:02]} 8. a4 {[%clk 0:09:57]}  b4 {[%clk 0:10:02]} 9. d3 {[%clk 0:09:42]}  d6 {[%clk 0:10:00]} 10. a5 {[%clk 0:09:28]}  Be6 {[%clk 0:10:00]} 11. Bxe6 {[%clk 0:09:23]}  fxe6 {[%clk 0:10:01]} 12. Nbd2 {[%clk 0:09:16]}  Qe8 {[%clk 0:09:32]} 13. c3 {[%clk 0:09:11]}  Nh5 {[%clk 0:09:08]} 14. Nf1 {[%clk 0:08:47]}  bxc3 {[%clk 0:08:46]} 15. bxc3 {[%clk 0:08:46]}  Rb8 {[%clk 0:08:46]} 16. d4 {[%clk 0:08:11]}  Rb5 {[%clk 0:08:19]} 17. Ng3 {[%clk 0:07:31]}  Nxg3 {[%clk 0:07:48]} 18. hxg3 {[%clk 0:07:30]}  Bf6 {[%clk 0:07:35]} 19. Be3 {[%clk 0:06:44]}  exd4 {[%clk 0:07:24]} 20. cxd4 {[%clk 0:06:32]}  Nxa5 {[%clk 0:07:20]} 21. Qc2 {[%clk 0:06:20]}  c5 {[%clk 0:06:56]} 22. e5 {[%clk 0:05:37]}  dxe5 {[%clk 0:06:54]} 23. dxe5 {[%clk 0:05:36]}  Be7 {[%clk 0:06:48]} 24. Bd2 {[%clk 0:05:01]}  Nc6 {[%clk 0:04:41]} 25. Qc4 {[%clk 0:04:11]}  Qc8 {[%clk 0:04:34]} 26. Rec1 {[%clk 0:03:38]}  Kh8 {[%clk 0:04:22]} 27. Rab1 {[%clk 0:03:06]}  Qb7 {[%clk 0:03:28]} 28. Rxb5 {[%clk 0:01:20]}  axb5 {[%clk 0:03:28]} 29. Qxe6 {[%clk 0:01:21]}  Rxf3 {[%clk 0:02:36]} 30. gxf3 {[%clk 0:01:22]}  Nd4 {[%clk 0:02:37]} 31. Qf7 {[%clk 0:01:23]}  Nxf3+ {[%clk 0:02:37]} 32. Kf1 {[%clk 0:01:24]}  Nxd2+ {[%clk 0:01:54]} 33. Ke2 {[%clk 0:01:25]}  h6 {[%clk 0:01:54]} 34. Qe8+ {[%clk 0:01:25]}  Kh7 {[%clk 0:01:55]} 35. Kxd2 {[%clk 0:01:26]}  b4 {[%clk 0:01:19]} 36. f4 {[%clk 0:01:00]}  b3 {[%clk 0:01:13]} 37. Qa4 {[%clk 0:01:00]}  Qg2+ {[%clk 0:00:57]} 38. Kc3 {[%clk 0:01:01]}  Qxg3+ {[%clk 0:00:44]} 39. Kb2 {[%clk 0:01:02]}  h5 {[%clk 0:00:31]} 40. Qe4+ {[%clk 0:00:53]}  Kh6 {[%clk 0:00:22]} 41. Ra1 {[%clk 0:00:44]}  c4 {[%clk 0:00:13]} 42. Ra8 {[%clk 0:00:11]}  Qf2+ {[%clk 0:00:09]} 43. Kc3 {[%clk 0:00:12]}  g6 {[%clk 0:00:09]} 44. Ra6 {[%clk 0:00:08]}  Qg1 {[%clk 0:00:06]} 45. f5 {[%clk 0:00:02]}  Qc1+ {[%clk 0:00:06]} 46. Kd4 {[%clk 0:00:03]}  Qd2+ {[%clk 0:00:05]} 47. Kxc4 {[%clk 0:00:05]}  Qc2+ {[%clk 0:00:06]} 48. Qxc2 {[%clk 0:00:06]}  bxc2 {[%clk 0:00:07]} 49. Rxg6+ {[%clk 0:00:07]}  Kh7 {[%clk 0:00:08]} 50. Rg1 {[%clk 0:00:08]}  Ba3 {[%clk 0:00:09]} 51. Kd3 {[%clk 0:00:05]}  c1=Q {[%clk 0:00:08]} 52. Rxc1 {[%clk 0:00:05]}  Bxc1 {[%clk 0:00:10]} 53. Ke2 {[%clk 0:00:07]}  Kg7 {[%clk 0:00:10]} 54. Kf1 {[%clk 0:00:07]}  Bb2 {[%clk 0:00:11]} 55. Kg1 {[%clk 0:00:07]}  Bxe5 {[%clk 0:00:11]} 1/2-1/2


[Site "Internet"]